Efektívna komunikácia v bezdrôtovom multiklienstkom systéme MHD

Salvato in:
Dettagli Bibliografici
Autore principale: Baňas, Martin (Autore)
Altri autori: Pištek, Peter (Relatore della tesi)
Natura: Manoscritto Libro
Lingua:slovacco
Pubblicazione: 2017
Soggetti:
Accesso online:http://is.stuba.sk/zp/portal_zp.pl?podrobnosti=126882
Tags: Aggiungi Tag
Nessun Tag, puoi essere il primo ad aggiungerne!!

MARC

LEADER 00000ntm a22000003a 4500
001 stuzp64636
003 SK-STU
005 20170624213710.6
007 ta
008 150427s2015----xo-----f-mn---000-0-slo-d
040 |a STU  |b slo 
041 0 |a slo 
100 1 |a Baňas, Martin  |u 070400  |4 aut  |U FIIT Fakulta informatiky a informačných technológií  |T FIIT Ústav počítačového inžinierstva a aplikovanej informatiky  |X 48074  |U I400  |Y 672  |7 48074 
242 0 1 |a Effective communication in wireless multiclient system of public transport  |y eng 
245 1 0 |a Efektívna komunikácia v bezdrôtovom multiklienstkom systéme MHD 
260 |c 2017 
650 4 |a Multiklientsky system  |2 slo 
650 4 |a Efektivna komunikacia  |2 slo 
650 4 |a Odhadovanie meškania  |2 slo 
650 4 |a Mestská hromadná doprava  |2 slo 
650 4 |a Vlastný aplikačný komunikačný protokol  |2 slo 
650 4 |a Public transport  |2 eng 
650 4 |a Multiclient system  |2 eng 
650 4 |a Effective communication  |2 eng 
650 4 |a Estimation of vehicle arrivals  |2 eng 
650 4 |a Custom communication protocol  |2 eng 
700 1 |a Pištek, Peter  |u 070400  |k Z1  |4 ths  |U FIIT Fakulta informatiky a informačných technológií  |T FIIT Ústav počítačového inžinierstva a aplikovanej informatiky  |X 20920  |U I400  |Y 672  |7 20920 
856 4 |u http://is.stuba.sk/zp/portal_zp.pl?podrobnosti=126882 
996 |b 11202  |c I* DP113/17  |l II680  |s P  |a 0  |w stuzp64636_0001